00589nam a22001697a 450000500170000001000150001702000220003203500140005403700090006808200110007710000210008824500940010926000550020327000390025830000190029750001030031620250502143129.0 aENG-141085 c140.00a817017497 aEN-124617 bDBAD a650.11 aSUBRAMANIAN V.K. aHEAVENLY LIVING HERE & NOW:bA COMPLETE GUIDE TO TOTAL LIFE MANAGEMENT/cV.K. SUBRAMANIAN aNew delhibShakit Malik Abhinav Publicationsc2014 bNew delhie110016aE-24, Hauz Khas a175pagesc23cm aहर लाइलाज समस्या का इलाज आपके अंदर है